| 000 | 00946nam a2200253 a 4500 | ||
|---|---|---|---|
| 999 |
_c12243 _d12243 |
||
| 001 | 12243 | ||
| 003 | BD-JhCC | ||
| 005 | 20210831101147.0 | ||
| 008 | 210829b20152020bg a|||| ||a| 001 0 ben d | ||
| 035 | _a(BD-JhCC)12243 | ||
| 040 |
_aBD-JhCC _dBD-JhCC |
||
| 041 | _abengali | ||
| 082 |
_223 _a297.261 _bKAS 2020 |
||
| 100 | _aকাসেমী, মুফতী আবু বকর জাবের | ||
| 245 |
_aভ্রান্তি নিরসন / _cমুফতী আবু বকর জাবের কাসেমী, অনুঃ আব্দুল্লাহ আল মাসুম । |
||
| 260 |
_aঢাকা: _bদারুল উলুম লাইব্রেরী; _c২০২০. |
||
| 300 |
_a496 p. : _bill; _c22 cm. |
||
| 650 | _aTawbah | ||
| 650 | _aRepentance | ||
| 650 | _aForgiveness of sin (islam) | ||
| 700 | _aমাসুম,আব্দুল্লাহ আল | ||
| 942 |
_2ddc _cBK |
||